| 000 | 00561nam a22001937a 4500 | ||
|---|---|---|---|
| 005 | 20150618131014.0 | ||
| 008 | 150618b agu||||| |||| 00| 0 spa d | ||
| 020 | _a9789871501175 | ||
| 050 | 0 | 4 |
_aBL48 _bF38 2009 |
| 100 | 1 | _aFatone, Vicente, | |
| 245 | 1 | 0 | _aMistica y religión / |
| 250 | _a1a ed. | ||
| 260 |
_aBuenos aires, Argentina: _bLas cuarenta, Universidad de Córdiba, _c2009 |
||
| 300 |
_a182 p. ; _c21 cm. |
||
| 490 | 0 |
_aPampa Aru _vno. 10 |
|
| 504 | _aIncluye bibliografía e índice | ||
| 650 | 4 |
_aReligión _xMisticismo |
|
| 942 |
_2lcc _cLIB |
||
| 999 |
_c95874 _d95874 |
||